Europejskie państwa o flagach zawierających kolor żółty - Statystyki

Ogólne statystyki
  • Ten quiz został rozwiązany 2 188 razy
    1 916 od ostatniego zresetowania
  • Średni wynik to 14 z 18
Statystyki odpowiedzi
Odpowiedź % Poprawnych
Hiszpania
95%
Niemcy
92%
Szwecja
92%
Ukraina
89%
Belgia
87%
Watykan
85%
Litwa
84%
Rumunia
83%
Andora
81%
Portugalia
79%
Mołdawia
77%
Macedonia Północna
70%
Bośnia i Hercegowina
67%
Liechtenstein
63%
San Marino
63%
Serbia
61%
Słowenia
53%
Kazachstan
37%
Nie znaleziono quizów pasujących do podanych kryteriów
Rozkład punktacji
Procent ludzi z każdym wynikiem
Percentyl według liczby udzielonych odpowiedzi
Twoja historia wyników
Nie rozwiązałeś tego quizu od ostatniego zresetowania